| 000 | 00492cam a22001694a 4500 | ||
|---|---|---|---|
| 020 | _a0072315776 (alk. paper) | ||
| 040 | _cDLC | ||
| 082 | 0 | 0 | _a658 IWI 2001 A042 Or. |
| 100 | 1 | _aLevy, Michael, | |
| 245 | 1 | 0 | _aRetailing management / |
| 250 | _a4th ed. | ||
| 260 |
_aBoston, Mass. : _bIrwin/McGraw-Hill, _c2001. |
||
| 300 |
_axxvii, 754 p. : _bill. (some col.), maps ; _c27 cm. + _e1 computer optical disc (4 3/4 in.) |
||
| 650 | 0 | _aRetail trade | |
| 700 | 1 | _aWeitz, Barton A. | |
| 942 | _cEK | ||
| 999 |
_c12431 _d12431 |
||